Normal view
MARC view
- اعداد عافية، محمد سميح؛مراجعة احمد الصاوي
Entry Personal Name
001 - CONTROL NUMBER
- control field: 38142
003 - CONTROL NUMBER IDENTIFIER
- control field: JO-AjAnu
005 - DATE AND TIME OF LATEST TRANSACTION
- control field: 20230606080344.0
008 - FIXED-LENGTH DATA ELEMENTS
- fixed length control field: 230606|| aca||aabn | a|a d
040 ## - CATALOGING SOURCE
- Original cataloging agency: JO-AjAnu
- Transcribing agency: JO-AjAnu
100 ## - HEADING--PERSONAL NAME
- Personal name: اعداد عافية، محمد سميح؛مراجعة احمد الصاوي
670 ## - SOURCE DATA FOUND
- Source citation: Work cat.: (JO-AjAnu)19568: اعداد عافية، محمد سميح؛مراجعة احمد الصاوي , author, التعدين في مصر قديما وحديثا، ج2